Montaigne

Bibliographic Details
Main Author: Sviták, Ivan, 1925-1994 (Author)
Other Authors: Šabatková, Alena (Compiler, Translator)
Format: Book
Language:Undetermined
Czech
PhysicalDescription:170 s. 19 cm
Published: Praha Orbis 1966
Edition:1.vyd.
Series:Portréty
Subjects:

MARC

LEADER 00000cam a2200000 a 4500
001 vtls001476758
003 SK-MaSNL
005 20260301014933.0
008 240318s1966 xx a 0|000bund
020 |q (brožované) 
035 |a SNK000432059 
040 |a SNK  |b slo  |c SNK  |e AACR2 
041 0 |a cze 
044 |a xr  |c CZ 
072 7 |a 821.133.1.09  |x Francúzska literatúra, francúzsky písaná (o nej)  |2 konspekt 
072 7 |a 101  |x Filozofia  |2 konspekt 
080 |a 821.133.1-051  |2 2011 
080 |a 101(44)-051  |2 2001 
080 |a (092)  |2 2011 
100 1 |a Sviták, Ivan,  |d 1925-1994  |4 aut  |9 280531 
245 1 0 |a Montaigne  |c Ivan Sviták ; ukážky z diela o Montaignovi vybrala, přeložila a fotografie dodala Alena Šabatková 
250 |a 1.vyd. 
260 |a Praha  |b Orbis  |c 1966 
300 |a 170 s.  |c 19 cm 
366 |e 11 500 kusov 
490 1 |a Portréty  |v sv. 15 
600 1 7 |a Montaigne, Michel de,  |d 1533-1592  |2 SNKMA  |9 251546 
650 0 7 |a francúzski spisovatelia  |2 SNKPH  |9 66466 
650 0 7 |a francúzski filozofi  |2 SNKPH  |9 85620 
650 0 7 |a French authors  |2 SNKPHeng  |9 304014 
650 0 7 |a French philosophers  |2 SNKPHeng  |9 304015 
655 7 |a biografie  |2 SNKPH  |9 27965 
655 7 |a Biography  |2 SNKPHeng  |9 266314 
700 |a Šabatková, Alena  |4 com  |4 trl  |9 288872 
830 0 |a Portréty  |9 281458 
852 |a Akadémia umení v Banskej Bystrici 
958 |a OND 
999 |c 559596  |d 561526 
952 |t P60, <04>, [BOOK], {604}  |a SNK  |b SNK  |y NEVYP  |7 0  |p 17A0433166  |o snkID 41076 D1  |i snkKIP 2480/66  |0 0  |1 1  |4 0  |d 2004-06-15  |l 0  |r 2005-01-02 00:00:00  |w 2026-02-23